[Event "15th Unive op"]
[Site "Hoogeveen NED"]
[Date "2011.10.19"]
[Round "6.26"]
[White "Van Weersel, Arlette"]
[Black "Yamada, Kohei"]
[Result "1/2-1/2"]
[WhiteElo "2191"]
[BlackElo "2093"]
[EventDate "2011.10.14"]
[PlyCount "104"]

1.e4 e6 2.d4 d5 3.Nc3 Bb4 4.e5 c5 5.a3 Bxc3+ 6.bxc3 Qa5 7.Bd2 Qa4 8.Qb1 c4
9.h4 Nc6 10.h5 h6 11.Qb2 Bd7 12.Nh3 O-O-O 13.Be2 Nge7 14.Rb1 b6 15.O-O 
Rdg8 16.Qc1 g6 17.hxg6 Nxg6 18.Kh2 Nh4 19.g3 Nf5 20.Bh5 Rh7 21.Bf4 Qa5 22.
Qb2 Nce7 23.Qb4 Qa6 24.Ra1 Ba4 25.Rac1 Nc6 26.Qb2 Qb7 27.Rce1 Qe7 28.Qc1 
Kb7 29.Qd2 Qf8 30.Rg1 Rhh8 31.Ra1 Qg7 32.Raf1 Qh7 33.Bd1 Nce7 34.g4 Ng7 
35.Bg3 h5 36.g5 h4 37.Bf4 Nh5 38.Rg4 Nf5 39.Rfg1 Qg6 40.R1g2 Rh7 41.Qc1 
Rgh8 42.Kg1 a5 43.Qd2 Nhg3 44.f3 Ne7 45.Rh2 Qg7 46.Qf2 Ngf5 47.Bc1 Ng6 48.
Qd2 Rh5 49.Qf2 Bc6 50.Qd2 Ba4 51.Qf2 Bc6 52.Qd2 Ba4 1/2-1/2

[Event "15th Unive op"]
[Site "Hoogeveen NED"]
[Date "2011.10.19"]
[Round "6.27"]
[White "Vinke, Maarten"]
[Black "Markus, John Raymond"]
[Result "1-0"]
[WhiteElo "2032"]
[BlackElo "2167"]
[EventDate "2011.10.14"]
[PlyCount "157"]

1.e4 g6 2.d4 d6 3.c4 Bg7 4.Nc3 Nc6 5.Be3 e5 6.d5 Nce7 7.Nge2 f5 8.f3 f4 9.
Bf2 g5 10.c5 Nf6 11.Qc2 a6 12.O-O-O O-O 13.g3 g4 14.Bg2 gxf3 15.Bxf3 Bg4 
16.Qd3 fxg3 17.Bxg4 Nxg4 18.Bxg3 dxc5 19.Rhg1 Ng6 20.h4 c4 21.Qxc4 Ne3 22.
Qd3 Nxd1 23.Qxd1 Kh8 24.Kb1 b5 25.h5 Nf4 26.h6 Bxh6 27.Bxf4 Bxf4 28.Nxf4 
Rxf4 29.Qh5 Qf6 30.Qh3 Rf8 31.Kc2 Rh4 32.Qg3 Qf2+ 33.Kb3 Qxg3 34.Rxg3 Rg8 
35.Rf3 Rf4 36.Rh3 Rg5 37.Rh6 Kg7 38.Rxa6 h5 39.Nxb5 Rg3+ 40.Kc4 Rf2 41.Rc6
Rxb2 42.Rxc7+ Kh6 43.d6 Re2 44.Kd5 Rd2+ 45.Ke6 Rg6+ 46.Ke7 Rg7+ 47.Ke6 h4 
48.Rxg7 Kxg7 49.d7 Rxd7 50.Kxd7 h3 51.Nd6 h2 52.Nf5+ Kf6 53.Ng3 Kg5 54.a4 
Kg4 55.Nh1 Kf3 56.a5 Kg2 57.a6 Kxh1 58.a7 Kg2 59.a8=Q h1=Q 60.Kd6 Qh6+ 61.
Kxe5 Qg5+ 62.Kd6 Qf6+ 63.Kd5 Qf7+ 64.Kc5 Qe7+ 65.Kc4 Qc7+ 66.Kb5 Kf3 67.
Qd5 Qb8+ 68.Kc4 Qc7+ 69.Kd3 Qb6 70.e5+ Kg3 71.e6 Qb1+ 72.Kd4 Qb2+ 73.Kc5 
Qa3+ 74.Kb5 Qb2+ 75.Kc6 Qc3+ 76.Kd7 Kf4 77.e7 Qg7 78.Qd6+ Kf5 79.Kd8 1-0

[Event "15th Unive op"]
[Site "Hoogeveen NED"]
[Date "2011.10.19"]
[Round "6.28"]
[White "Fehr, Axel"]
[Black "Klapwijk, Bram"]
[Result "0-1"]
[WhiteElo "2163"]
[BlackElo "2025"]
[EventDate "2011.10.14"]
[PlyCount "80"]

1.c4 Nf6 2.g3 g6 3.Bg2 d5 4.cxd5 Nxd5 5.Qa4+ Nc6 6.Nc3 e6 7.Nf3 Bg7 8.O-O 
O-O 9.a3 Nb6 10.Qc2 e5 11.d3 Bg4 12.Be3 Nd4 13.Bxd4 exd4 14.Ne4 Nd7 15.b4 
Rc8 16.Qa4 a6 17.Rac1 Qe7 18.h3 Be6 19.Nc5 Nxc5 20.bxc5 Bd7 21.Qc2 Bc6 22.
Rfe1 b6 23.Qc4 b5 24.Qb3 Qd7 25.Nd2 Bh6 26.Qa2 Rfe8 27.Bxc6 Qxc6 28.Qc2 
Rcd8 29.Rcd1 Bxd2 30.Rxd2 Rd5 31.Qb2 Qxc5 32.Rc2 Qd6 33.Qb4 c5 34.Qb2 Rh5 
35.h4 g5 36.Kg2 gxh4 37.Rh1 Qd5+ 38.f3 Qe5 39.gxh4 Re6 40.Kf1 Rg6 0-1

[Event "15th Unive op"]
[Site "Hoogeveen NED"]
[Date "2011.10.19"]
[Round "6.29"]
[White "Beerdsen, Thomas"]
[Black "Van der Veen, Jan"]
[Result "1/2-1/2"]
[WhiteElo "2019"]
[BlackElo "2115"]
[EventDate "2011.10.14"]
[PlyCount "118"]

1.e4 e5 2.Nf3 Nc6 3.Bb5 Nf6 4.O-O Nxe4 5.Qe2 Nd6 6.Bxc6 dxc6 7.Qxe5+ Qe7 
8.Qa5 Be6 9.d3 a6 10.Re1 O-O-O 11.Nc3 h6 12.Bf4 Rg8 13.Re2 Nf5 14.Rae1 Nd4
15.Nxd4 Rxd4 16.Ne4 Qd8 17.Be3 Rd5 18.Qa4 Be7 19.d4 Rd7 20.c4 Bf5 21.Ng3 
Bg6 22.Rd2 Re8 23.b4 Kb8 24.b5 cxb5 25.cxb5 axb5 26.Qxb5 Rd5 27.Qb3 b6 28.
Bf4 Kb7 29.Rc1 c6 30.Be3 Bg5 31.Bxg5 Qxg5 32.Qc3 Re6 33.Rb2 Rxd4 34.Rxb6+ 
Kxb6 35.Qxd4+ Kc7 36.Rd1 Qe7 37.Qa7+ Kc8 38.Qa8+ Kc7 39.Qa5+ Kc8 40.h3 f6 
41.Nf5 Bxf5 42.Qxf5 g6 43.Qa5 Re5 44.Qa6+ Kc7 45.Qa7+ Kc8 46.Qa8+ Kc7 47.
Kh2 Rb5 48.Qa7+ Rb7 49.Qa5+ Rb6 50.Qd2 g5 51.g3 Rb5 52.Rc1 h5 53.Qc2 Qd6 
54.a4 Rb4 55.Qh7+ Kb6 56.a5+ Ka6 57.Qf5 Rb2 58.Rc5 h4 59.Rc3 hxg3+ 1/2-1/2

[Event "15th Unive op"]
[Site "Hoogeveen NED"]
[Date "2011.10.19"]
[Round "6.30"]
[White "Van Lommel, Patrick"]
[Black "Baskin, Robert"]
[Result "1/2-1/2"]
[WhiteElo "2111"]
[BlackElo "2016"]
[EventDate "2011.10.14"]
[PlyCount "47"]

1.d4 Nf6 2.c4 g6 3.Nc3 Bg7 4.e4 d6 5.Be2 O-O 6.Bg5 h6 7.Be3 e5 8.d5 Na6 9.
f3 Nh5 10.Qd2 f5 11.Bd3 f4 12.Bf2 Bf6 13.Nge2 Bh4 14.Nc1 Qg5 15.Bf1 Bxf2+ 
16.Qxf2 Qf6 17.Nd3 g5 18.Be2 Qg6 19.O-O-O Bd7 20.Kb1 b6 21.Ka1 Nc5 22.Nxc5
bxc5 23.g4 Nf6 24.h4 1/2-1/2

[Event "15th Unive op"]
[Site "Hoogeveen NED"]
[Date "2011.10.19"]
[Round "6.31"]
[White "Gieben, Stijn"]
[Black "Arp, Frans"]
[Result "1-0"]
[WhiteElo "1940"]
[BlackElo "2107"]
[EventDate "2011.10.14"]
[PlyCount "103"]

1.e4 e5 2.Nf3 Nc6 3.Bb5 a6 4.Ba4 Nf6 5.O-O Be7 6.Re1 b5 7.Bb3 O-O 8.c3 d5 
9.exd5 Nxd5 10.Nxe5 Nxe5 11.Rxe5 c6 12.d4 Bd6 13.Re1 Qh4 14.g3 Qh3 15.Re4 
g5 16.Qf1 Qh5 17.Qe2 g4 18.Bxd5 cxd5 19.Bf4 dxe4 20.Bxd6 Re8 21.Nd2 f5 22.
Nf1 Re6 23.Bf4 Bb7 24.Ne3 Rd8 25.a4 bxa4 26.Rxa4 Rf6 27.Qc4+ Qf7 28.Bg5 
Rc8 29.Qxf7+ Rxf7 30.Ra5 h6 31.Bf4 Rc6 32.Nxf5 Kh7 33.Ne3 Rb6 34.b4 Rc6 
35.Ra3 h5 36.Kf1 Bc8 37.d5 Rcf6 38.c4 h4 39.c5 hxg3 40.hxg3 Rxf4 41.gxf4 
Rxf4 42.Ke2 Rf3 43.c6 Rf6 44.Nc4 Rf5 45.Ra5 Rf3 46.d6 Rd3 47.Re5 g3 48.
fxg3 Bg4+ 49.Kf2 Rf3+ 50.Kg2 Rc3 51.d7 Rc2+ 52.Kg1 1-0

[Event "15th Unive op"]
[Site "Hoogeveen NED"]
[Date "2011.10.19"]
[Round "6.32"]
[White "Stavast, Dick"]
[Black "Maatman, Nick"]
[Result "1-0"]
[WhiteElo "2097"]
[BlackElo "1980"]
[EventDate "2011.10.14"]
[PlyCount "57"]

1.d4 Nf6 2.c4 g6 3.Nc3 d5 4.Bf4 Bg7 5.e3 c5 6.dxc5 Qa5 7.Rc1 dxc4 8.Bxc4 
O-O 9.Nf3 Nbd7 10.a3 Qxc5 11.Nb5 Qf5 12.Bd3 Qg4 13.h3 Qh5 14.Nc7 Rb8 15.
Be2 Qa5+ 16.Qd2 Qxd2+ 17.Nxd2 e5 18.Bh2 b6 19.O-O Rd8 20.Nc4 Ne8 21.Nxe8 
Rxe8 22.Nd6 Rf8 23.Rc7 Nc5 24.Rxa7 Be6 25.Nc4 Rfd8 26.b4 Nd7 27.Rd1 f6 28.
Rd6 Bf7 29.Rdxd7 1-0

[Event "15th Unive op"]
[Site "Hoogeveen NED"]
[Date "2011.10.19"]
[Round "6.33"]
[White "Potze, Rudolf"]
[Black "Duijker, Rick"]
[Result "0-1"]
[WhiteElo "2126"]
[BlackElo "2214"]
[EventDate "2011.10.14"]
[PlyCount "48"]

1.e4 e5 2.Nf3 Nc6 3.Bb5 Nf6 4.O-O Nxe4 5.Qe2 Nd6 6.Bxc6 dxc6 7.Qxe5+ Be7 
8.Qxg7 Bf6 9.Re1+ Be6 10.Qg4 Qe7 11.Qa4 Rg8 12.d4 O-O-O 13.Bf4 Nf5 14.Nc3 
Bxd4 15.Nxd4 Rxd4 16.Qxa7 Rxg2+ 17.Kxg2 Rxf4 18.Qa8+ Kd7 19.Rad1+ Nd4 20.
Re3 Qh4 21.Rd2 Rg4+ 22.Rg3 Rxg3+ 23.hxg3 Qh3+ 24.Kg1 Bd5 0-1

[Event "15th Unive op"]
[Site "Hoogeveen NED"]
[Date "2011.10.19"]
[Round "6.34"]
[White "Hendriks, Richard V"]
[Black "Beukema, Stefan"]
[Result "0-1"]
[WhiteElo "2136"]
[BlackElo "2259"]
[EventDate "2011.10.14"]
[PlyCount "110"]

1.e4 e5 2.Nf3 Nc6 3.Bb5 a6 4.Ba4 Nf6 5.O-O Be7 6.Re1 b5 7.Bb3 O-O 8.c3 d6 
9.h3 Na5 10.Bc2 c5 11.d4 Qc7 12.Nbd2 cxd4 13.cxd4 Nc6 14.Nb3 a5 15.Be3 a4 
16.Nbd2 Bd7 17.Rc1 Qb7 18.Nf1 Rfe8 19.Ng3 h6 20.Bb1 Bf8 21.d5 Ne7 22.Nh4 
g6 23.Qd2 Kh7 24.f4 exf4 25.Bxf4 Rac8 26.Be3 Bg7 27.Bd4 Rxc1 28.Rxc1 Rc8 
29.Rf1 Neg8 30.b3 Be8 31.Qb2 a3 32.Qd2 Nd7 33.Bxg7 Kxg7 34.Nf3 Qb6+ 35.Kh2
Ne5 36.Qf4 f6 37.Nxe5 dxe5 38.Qg4 Rd8 39.Rc1 Bd7 40.Qe2 Ne7 41.h4 h5 42.
Bd3 Rc8 43.Rf1 Rc3 44.Qd2 b4 45.Be2 Qc5 46.Nxh5+ gxh5 47.Rxf6 Qe3 48.Qxe3 
Rxe3 49.Rd6 Rxe2 50.Rxd7 Kg6 51.Rd6+ Kf7 52.Rd7 Ke8 53.Rb7 Rxe4 54.d6 Nf5 
55.g3 Re2+ 0-1

[Event "15th Unive op"]
[Site "Hoogeveen NED"]
[Date "2011.10.19"]
[Round "6.35"]
[White "Go, Benjamin"]
[Black "Hoffman, Ron"]
[Result "0-1"]
[WhiteElo "2153"]
[BlackElo "2121"]
[EventDate "2011.10.14"]
[PlyCount "90"]

1.e4 e5 2.Nf3 Nc6 3.Nc3 Nf6 4.Nxe5 Nxe5 5.d4 Ng6 6.e5 Ng8 7.Bc4 c6 8.Qe2 
b5 9.Bb3 Bb4 10.O-O N8e7 11.Nxb5 cxb5 12.a3 Ba5 13.Qf3 O-O 14.Qxa8 Nc6 15.
d5 Ncxe5 16.Qxa7 Bb6 17.Qb8 d6 18.a4 Ba6 19.Qxd8 Rxd8 20.axb5 Bxb5 21.Re1 
Ng4 22.Be3 Nxe3 23.fxe3 Ne5 24.Kh1 f5 25.h3 Rc8 26.Ba4 Bc4 27.Red1 Bxe3 
28.b3 Be2 29.Re1 Rxc2 30.b4 Rb2 31.Reb1 Rd2 32.Bd1 Bc4 33.b5 Bxd5 34.Bb3 
Nc4 35.Bxc4 Bxc4 36.b6 Bd5 37.Rd1 Bxg2+ 38.Kh2 Bf4+ 39.Kg1 Be3+ 40.Kh2 Rb2
41.Rab1 Rf2 42.Kg3 Be4 43.Rf1 Rg2+ 44.Kh4 Bg5+ 45.Kh5 g6# 0-1

[Event "15th Unive op"]
[Site "Hoogeveen NED"]
[Date "2011.10.19"]
[Round "6.36"]
[White "Lesman, Francis"]
[Black "Sadallah, Osama"]
[Result "1/2-1/2"]
[WhiteElo "2074"]
[BlackElo "2145"]
[EventDate "2011.10.14"]
[PlyCount "61"]

1.d4 Nf6 2.c4 g6 3.Nc3 Bg7 4.e4 d6 5.Nf3 O-O 6.Be2 Na6 7.O-O e5 8.Be3 Ng4 
9.Bg5 Qe8 10.c5 exd4 11.Nd5 Qxe4 12.Ne7+ Kh8 13.cxd6 Bf5 14.Nd2 Qe6 15.
Nxf5 gxf5 16.Be7 Rg8 17.Bf3 cxd6 18.Re1 Be5 19.Bh4 Qh6 20.g3 Nc5 21.Nc4 
Rae8 22.Bg2 f4 23.b4 fxg3 24.hxg3 Ne6 25.Rxe5 dxe5 26.Nd6 Rd8 27.Nf5 Qg6 
28.Ne7 Qg7 29.Nf5 Qg6 30.Ne7 Qh6 31.Nf5 1/2-1/2

[Event "15th Unive op"]
[Site "Hoogeveen NED"]
[Date "2011.10.19"]
[Round "6.37"]
[White "Middelveld, Martine"]
[Black "Henseler, Jorgen"]
[Result "1/2-1/2"]
[WhiteElo "2143"]
[BlackElo "2073"]
[EventDate "2011.10.14"]
[PlyCount "52"]

1.d4 d5 2.Nf3 Nf6 3.c4 c6 4.e3 Bg4 5.Nc3 e6 6.Qb3 Qb6 7.Ne5 Bf5 8.c5 Qc7 
9.Be2 Nbd7 10.f4 Nxe5 11.fxe5 Ne4 12.Nxe4 Bxe4 13.O-O Be7 14.Bd3 Bxd3 15.
Qxd3 f5 16.exf6 Bxf6 17.e4 dxe4 18.Qxe4 Qd7 19.Be3 O-O 20.Rf3 Qd5 21.Qxd5 
exd5 22.Rd1 Rae8 23.Kf2 Re4 24.g3 Rfe8 25.Rd3 R8e7 26.h3 a6 1/2-1/2

[Event "15th Unive op"]
[Site "Hoogeveen NED"]
[Date "2011.10.19"]
[Round "6.38"]
[White "Van Foreest, Jorden"]
[Black "Dijkhuis, Tycho"]
[Result "1-0"]
[WhiteElo "2153"]
[BlackElo "1873"]
[EventDate "2011.10.14"]
[PlyCount "63"]

1.e4 c5 2.Nf3 d6 3.d4 cxd4 4.Nxd4 Nf6 5.Nc3 a6 6.Bg5 e6 7.f4 Nc6 8.e5 h6 
9.Bh4 g5 10.fxg5 Nd5 11.Nxd5 exd5 12.exd6 hxg5 13.Qe2+ Kd7 14.Bf2 Bxd6 15.
O-O-O Re8 16.Qf3 Bf4+ 17.Kb1 Kc7 18.g3 Be5 19.Bg2 Be6 20.c4 g4 21.Qb3 Bxd4
22.Bxd4 Nxd4 23.Rxd4 Bf5+ 24.Ka1 Be4 25.Bxe4 Rxe4 26.cxd5 Rxd4 27.Qc3+ Kd7
28.Qxd4 Qg5 29.a3 Rc8 30.Ka2 Re8 31.Rf1 f5 32.Qb6 1-0

[Event "15th Unive op"]
[Site "Hoogeveen NED"]
[Date "2011.10.19"]
[Round "6.39"]
[White "Mol, Christiaan"]
[Black "Lee, Kai Jie Edward"]
[Result "1-0"]
[WhiteElo "2013"]
[BlackElo "2008"]
[EventDate "2011.10.14"]
[PlyCount "121"]

1.d4 d5 2.c4 e6 3.Nc3 Nf6 4.Bg5 Be7 5.Nf3 O-O 6.e3 h6 7.Bh4 b6 8.cxd5 Nxd5
9.Bxe7 Qxe7 10.Be2 Bb7 11.Rc1 Rc8 12.O-O Nd7 13.Nxd5 exd5 14.Qb3 a5 15.Rc3
a4 16.Qc2 c5 17.Bb5 Bc6 18.Bd3 c4 19.Bf5 b5 20.a3 Re8 21.Bxd7 Bxd7 22.Ne5 
f6 23.Ng6 Qf7 24.f3 Ra6 25.h4 h5 26.Kf2 Rb8 27.g4 hxg4 28.h5 gxf3 29.Kxf3 
Qe6 30.Qh2 Re8 31.Nf4 Qe4+ 32.Kf2 Bg4 33.h6 g5 34.Ne2 Qf3+ 35.Kg1 Qxe2 36.
Qc7 Bd7 37.Qxd7 Re7 38.Qxe7 Qg4+ 39.Kf2 Qh4+ 40.Ke2 Qxh6 41.Qd8+ Kg7 42.
Qd7+ Kg6 43.Qxd5 Qh2+ 44.Rf2 Qh5+ 45.Kd2 g4 46.Qg8+ Kh6 47.Qh8+ Kg6 48.
Qe8+ Kh6 49.Qxh5+ Kxh5 50.e4 Re6 51.Rf4 Kh4 52.Re3 Kg5 53.Rf5+ Kh4 54.Ke2 
Rb6 55.e5 fxe5 56.dxe5 b4 57.e6 bxa3 58.bxa3 Rb2+ 59.Kf1 c3 60.Rxc3 g3 61.
Rc4+ 1-0

[Event "15th Unive op"]
[Site "Hoogeveen NED"]
[Date "2011.10.19"]
[Round "6.40"]
[White "Van Laatum, Maarten"]
[Black "Van Foreest, Lucas"]
[Result "0-1"]
[WhiteElo "2115"]
[BlackElo "1918"]
[EventDate "2011.10.14"]
[PlyCount "111"]

1.e4 e5 2.Nf3 Nc6 3.Bb5 a6 4.Ba4 Nf6 5.O-O Be7 6.Re1 b5 7.Bb3 d6 8.h3 O-O 
9.c3 Na5 10.Bc2 c5 11.d4 Qc7 12.Nbd2 Bd7 13.Nf1 cxd4 14.cxd4 Rfc8 15.Bd3 
Bf8 16.Bg5 Ne8 17.Ne3 exd4 18.Nxd4 Qc5 19.Nf3 Be6 20.Nd5 Bxd5 21.exd5 g6 
22.Qe2 Rab8 23.Rad1 Nc4 24.b3 Nb6 25.Be3 Qc7 26.Bg5 Nxd5 27.Bxg6 Nc3 28.
Bxh7+ Kxh7 29.Qd3+ Kg8 30.Rxe8 Rxe8 31.Bf6 Ne4 32.Bb2 Bg7 33.Bxg7 Kxg7 34.
Nh4 Qc5 35.Qf3 Nxf2 36.Qxf2 Qxf2+ 37.Kxf2 Rec8 38.Nf5+ Kg6 39.g4 Rc2+ 40.
Kf3 Rd8 41.h4 Rxa2 42.h5+ Kf6 43.Kf4 Rf2+ 44.Ke4 d5+ 45.Kd4 Rf4+ 46.Kc5 
Rxg4 47.Nd6 d4 48.Rf1+ Ke6 49.Re1+ Kd7 50.Nxf7 Rc8+ 51.Kd5 Rh4 52.h6 d3 
53.Ne5+ Kc7 54.Nf7 d2 55.Rd1 Rf8 56.Rxd2 0-1

[Event "15th Unive op"]
[Site "Hoogeveen NED"]
[Date "2011.10.19"]
[Round "6.41"]
[White "Poelstra, Ben"]
[Black "Majhi, Ankit"]
[Result "1/2-1/2"]
[WhiteElo "2102"]
[BlackElo "1760"]
[EventDate "2011.10.14"]
[PlyCount "124"]

1.e4 e5 2.Nf3 Nc6 3.d4 exd4 4.Nxd4 Bc5 5.Nb3 Bb6 6.Nc3 Nf6 7.Bg5 d6 8.Qe2 
Bg4 9.f3 Be6 10.O-O-O h6 11.Bh4 g5 12.Bf2 Qe7 13.h4 O-O-O 14.Bxb6 axb6 15.
hxg5 hxg5 16.Rxh8 Rxh8 17.Qb5 Ne5 18.Qa4 Kd8 19.Be2 Qd7 20.Bb5 Bxb3 21.
axb3 Qc8 22.Qd4 Ke7 23.Qe3 Qg8 24.Bc4 Rh2 25.g3 Qg6 26.Nb5 Ne8 27.Nd4 Kf8 
28.Bd5 c6 29.Bc4 d5 30.Be2 dxe4 31.fxe4 Nd6 32.Nf3 Nxf3 33.Bxf3 g4 34.Rh1 
Rxh1+ 35.Bxh1 Qh5 36.Qe1 Qa5 37.Qxa5 bxa5 38.Kd2 f5 39.Ke3 Kf7 40.exf5 
Nxf5+ 41.Kf4 Kf6 42.Be4 Nd4 43.Bd3 b5 44.Kxg4 c5 45.c3 Nxb3 46.Bxb5 Ke5 
47.Kf3 Nd2+ 48.Ke3 Ne4 49.g4 Nf6 50.Be2 Nd5+ 51.Kd3 Nb6 52.b3 a4 53.bxa4 
Nxa4 54.Kc4 Kf4 55.Kd3 Nb6 56.Bd1 Nd5 57.Be2 Nb6 58.c4 Nd7 59.Kc3 Nf6 60.
Kb3 Ne4 61.Kc2 Nd6 62.Kd2 Nxc4+ 1/2-1/2

[Event "15th Unive op"]
[Site "Hoogeveen NED"]
[Date "2011.10.19"]
[Round "6.42"]
[White "Kollen, Zyon"]
[Black "Cox, Jan"]
[Result "1-0"]
[WhiteElo "2112"]
[BlackElo "2008"]
[EventDate "2011.10.14"]
[PlyCount "63"]

1.e4 e5 2.Nf3 Nc6 3.Bc4 Nf6 4.Ng5 d5 5.exd5 Na5 6.Bb5+ c6 7.dxc6 bxc6 8.
Bd3 Bd6 9.O-O O-O 10.Re1 h6 11.Ne4 Nxe4 12.Bxe4 f5 13.Bd3 c5 14.Nc3 e4 15.
Bf1 Nc6 16.d3 Ne5 17.dxe4 Ng4 18.g3 f4 19.Qd5+ Kh8 20.e5 fxg3 21.fxg3 Bxe5
22.Rxe5 Qf6 23.Bf4 Bb7 24.Qxb7 Nxe5 25.Bxe5 Qxe5 26.Qe4 Qf6 27.Bd3 g6 28.
Rf1 Qg5 29.Ne2 Rae8 30.Rxf8+ Rxf8 31.Nf4 Kg7 32.Ne6+ 1-0

[Event "15th Unive op"]
[Site "Hoogeveen NED"]
[Date "2011.10.20"]
[Round "7.1"]
[White "Nyzhnyk, Illya"]
[Black "Tiviakov, Sergei"]
[Result "1-0"]
[WhiteElo "2561"]
[BlackElo "2647"]
[EventDate "2011.10.14"]
[PlyCount "125"]

1.d4 Nf6 2.c4 e6 3.Nf3 b6 4.g3 Bb7 5.Bg2 Be7 6.O-O O-O 7.Re1 Ne4 8.Nfd2 d5
9.Nc3 Nxd2 10.Bxd2 c6 11.Qb3 Na6 12.Rad1 Nb4 13.c5 Na6 14.Na4 b5 15.e4 
dxe4 16.Nc3 Qxd4 17.Be3 Qe5 18.Rd7 Bc8 19.Bd4 Qh5 20.Rxe7 Qg5 21.Rxf7 Rxf7
22.Nxe4 Qh5 23.Nd6 Bd7 24.Re5 Qg4 25.Re4 Qg6 26.Nxf7 Qxf7 27.Rf4 Qe7 28.
Rg4 g6 29.Rf4 Re8 30.Qa3 e5 31.Re4 Qf6 32.Bc3 Bc8 33.b4 Qd8 34.Re1 e4 35.
Bxe4 Nc7 36.Bxc6 Rxe1+ 37.Bxe1 Be6 38.Bf3 Qd4 39.Qc3 Qxc3 40.Bxc3 Bxa2 41.
Be5 Na6 42.c6 Be6 43.h3 h5 44.Bd6 Kf7 45.Be2 Bc8 46.Bxb5 Ke6 47.Bf8 Kf7 
48.Bxa6 Bxa6 49.Bc5 Bb5 50.c7 Bd7 51.Kg2 a6 52.f3 Ke6 53.g4 Kd5 54.Bb6 Kc4
55.Ba5 Kd3 56.Kg3 Ke2 57.f4 hxg4 58.hxg4 Ke3 59.f5 gxf5 60.g5 f4+ 61.Kh4 
f3 62.Bb6+ Ke4 63.g6 1-0

[Event "15th Unive op"]
[Site "Hoogeveen NED"]
[Date "2011.10.20"]
[Round "7.2"]
[White "Van Kampen, Robin"]
[Black "Lenderman, Aleksandr"]
[Result "1/2-1/2"]
[WhiteElo "2529"]
[BlackElo "2562"]
[EventDate "2011.10.14"]
[PlyCount "172"]

1.e4 c6 2.d4 d5 3.e5 Bf5 4.Nf3 e6 5.Be2 Ne7 6.O-O Nd7 7.c3 c5 8.Nh4 Be4 9.
Nd2 Nc6 10.Nxe4 dxe4 11.g3 Qb6 12.dxc5 Qxc5 13.Qa4 Qxe5 14.Bb5 Qd5 15.Rd1 
Nb6 16.c4 Qc5 17.Qc2 f5 18.Be3 Qe5 19.a4 Nd7 20.a5 a6 21.Bxc6 bxc6 22.Bf4 
Qc5 23.b4 Qxb4 24.Rab1 Qxa5 25.Qb2 Qd8 26.Qb7 Be7 27.Qxc6 Qc8 28.Bc7 Rf8 
29.Ng2 g5 30.Rd2 a5 31.Rbd1 Ra6 32.Qxd7+ Qxd7 33.Rxd7 a4 34.Be5 a3 35.Rb7 
a2 36.Ne1 f4 37.g4 Ra4 38.Ra1 h5 39.gxh5 Rf5 40.Bb2 g4 41.Rb5 Bg5 42.Kf1 
f3 43.Re5 Rxe5 44.Bxe5 Ra5 45.Bc3 Ra3 46.Bb2 Ra4 47.c5 Bf4 48.Nc2 Rc4 49.
Ne3 Bxe3 50.fxe3 Rc2 51.Rxa2 Rxh2 52.Ra8+ Kd7 53.Be5 Rxh5 54.Bg3 Rxc5 55.
Rg8 Rc1+ 56.Be1 Kd6 57.Rxg4 Kd5 58.Rg8 e5 59.Rd8+ Ke6 60.Rd2 Rb1 61.Kf2 
Rc1 62.Ra2 Kf5 63.Ra8 Rc2+ 64.Kf1 Rc1 65.Rh8 Rb1 66.Rh5+ Ke6 67.Rh2 Kd5 
68.Rd2+ Ke6 69.Kf2 Rc1 70.Rb2 Kf5 71.Rb6 Rc2+ 72.Kf1 Rc1 73.Rd6 Rb1 74.Kf2
Ra1 75.Bd2 Ra2 76.Kg3 Ra1 77.Rd8 Rg1+ 78.Kf2 Rg2+ 79.Kf1 Re2 80.Rd6 Kg4 
81.Rd8 Kf5 82.Rd6 Kg4 83.Rd8 Kf5 84.Bc1 Ke6 85.Rd2 Rxe3 86.Rd6+ Kxd6 
1/2-1/2

[Event "15th Unive op"]
[Site "Hoogeveen NED"]
[Date "2011.10.20"]
[Round "7.3"]
[White "Baklan, Vladimir"]
[Black "Brandenburg, Daan"]
[Result "1/2-1/2"]
[WhiteElo "2617"]
[BlackElo "2522"]
[EventDate "2011.10.14"]
[PlyCount "97"]

1.e4 c5 2.Nf3 d6 3.d4 cxd4 4.Nxd4 Nf6 5.Nc3 Nc6 6.Bg5 e6 7.Qd2 a6 8.O-O-O 
h6 9.Bf4 Bd7 10.Nxc6 Bxc6 11.Qe1 Qc7 12.Kb1 Be7 13.h4 b5 14.f3 b4 15.Ne2 
e5 16.Bd2 a5 17.Ng3 Bd7 18.Nf5 Bxf5 19.exf5 Rb8 20.g4 Qc6 21.Rh3 Nd5 22.
Qe4 Qc5 23.Bc1 Nf6 24.Qc4 Qxc4 25.Bxc4 Kf8 26.Rhh1 Rc8 27.Bb3 Nd7 28.Be3 
Nc5 29.Bd5 g6 30.fxg6 fxg6 31.f4 Kg7 32.fxe5 dxe5 33.h5 Bg5 34.Bxc5 Rxc5 
35.hxg6 Rd8 36.Be4 Rc4 37.Rxd8 Bxd8 38.Re1 Bg5 39.Re2 a4 40.b3 axb3 41.
cxb3 Rc3 42.Rf2 Bf4 43.Rf1 Re3 44.Bf5 Re2 45.Rd1 Bd2 46.Kc2 Bc3+ 47.Kd3 
Rxa2 48.Kc4 Rd2 49.Rxd2 1/2-1/2

[Event "15th Unive op"]
[Site "Hoogeveen NED"]
[Date "2011.10.20"]
[Round "7.4"]
[White "Erwich, Frank"]
[Black "Ernst, Sipke"]
[Result "1/2-1/2"]
[WhiteElo "2365"]
[BlackElo "2581"]
[EventDate "2011.10.14"]
[PlyCount "98"]

1.c4 Nf6 2.Nc3 e6 3.e4 c5 4.Nf3 Nc6 5.Be2 Qc7 6.O-O a6 7.d4 cxd4 8.Nxd4 
Nxd4 9.Qxd4 Bd6 10.Kh1 b6 11.f4 e5 12.fxe5 Bxe5 13.Qd3 Bb7 14.Bg5 O-O 15.
Nd5 Bxd5 16.exd5 Bxb2 17.Rab1 Be5 18.Qf5 g6 19.Qf3 Nh5 20.g4 Ng7 21.Be7 
Bxh2 22.Bxf8 Rxf8 23.Rb3 Bd6 24.Qf6 Bc5 25.Rh3 Qd8 26.Qf4 g5 27.Qh2 Qe7 
28.Bd3 h5 29.gxh5 Ne8 30.h6 f5 31.Qg2 Nd6 32.Rh5 Be3 33.h7+ Kh8 34.Qb2+ 
Qf6 35.Qxf6+ Rxf6 36.Re1 f4 37.Rxe3 fxe3 38.Rxg5 Rf8 39.Re5 Rc8 40.Rxe3 
Nxc4 41.Re7 b5 42.Kg2 d6 43.Kg3 Nb6 44.Be4 Na4 45.Ra7 Rf8 46.a3 Nc3 47.Bf3
a5 48.Rxa5 Kxh7 49.Ra6 Kg7 1/2-1/2

[Event "15th Unive op"]
[Site "Hoogeveen NED"]
[Date "2011.10.20"]
[Round "7.5"]
[White "Grover, Sahaj"]
[Black "Zherebukh, Yaroslav"]
[Result "1-0"]
[WhiteElo "2514"]
[BlackElo "2580"]
[EventDate "2011.10.14"]
[PlyCount "61"]

1.d4 d5 2.c4 c6 3.Nc3 Nf6 4.Nf3 e6 5.Bg5 Nbd7 6.cxd5 exd5 7.e3 Be7 8.Bd3 
O-O 9.Qc2 Re8 10.h3 Nf8 11.Bf4 Ne6 12.Be5 g6 13.O-O-O b5 14.g4 Bd7 15.h4 
b4 16.h5 Nf8 17.hxg6 fxg6 18.Ne2 c5 19.g5 Ng4 20.Rxh7 Nxe5 21.Nxe5 Nxh7 
22.Bxg6 Nf8 23.Nf4 Bxg5 24.Bf7+ Kg7 25.Nh5+ Kh8 26.Rh1 Bh6 27.Rg1 Bg5 28.
Rh1 Bh6 29.Bxd5 Rxe5 30.dxe5 Be8 31.Nf6 1-0

[Event "15th Unive op"]
[Site "Hoogeveen NED"]
[Date "2011.10.20"]
[Round "7.6"]
[White "Vedder, Richard"]
[Black "Haslinger, Stewart"]
[Result "0-1"]
[WhiteElo "2260"]
[BlackElo "2542"]
[EventDate "2011.10.14"]
[PlyCount "64"]

1.e4 e5 2.Nf3 Nc6 3.Nc3 Nf6 4.Bb5 Bd6 5.d3 a6 6.Ba4 h6 7.O-O O-O 8.Ne2 Re8
9.c3 Bf8 10.Ng3 b5 11.Bc2 d5 12.h3 Bb7 13.Be3 Nb8 14.Nh2 c5 15.Nh5 Nbd7 
16.Nxf6+ Nxf6 17.Ng4 d4 18.cxd4 exd4 19.Bd2 c4 20.Nxf6+ Qxf6 21.Re1 Rad8 
22.Ba5 Rc8 23.a3 Bd6 24.Qg4 Rc5 25.Bb4 Rg5 26.Qd7 Rd8 27.Qxb7 Qf3 28.g4 
Qxh3 29.Bxd6 Rxd6 30.Bd1 Rxg4+ 31.Bxg4 Qxg4+ 32.Kf1 Qh3+ 0-1

[Event "15th Unive op"]
[Site "Hoogeveen NED"]
[Date "2011.10.20"]
[Round "7.7"]
[White "Peelen, Piet"]
[Black "Raznikov, Danny"]
[Result "1-0"]
[WhiteElo "2354"]
[BlackElo "2433"]
[EventDate "2011.10.14"]
[PlyCount "97"]

1.d4 Nf6 2.Nf3 d5 3.c4 c6 4.Nc3 a6 5.c5 Nbd7 6.Bf4 g6 7.h3 Bg7 8.e3 O-O 9.
Bd3 Ne8 10.O-O Nc7 11.Na4 Re8 12.e4 Ne6 13.Be3 dxe4 14.Bxe4 Nf6 15.Nb6 Ra7
16.Bd3 Nd5 17.Nxd5 Qxd5 18.Rc1 Qxa2 19.Bc4 Qa5 20.Qb3 Nd8 21.Ng5 Rf8 22.d5
cxd5 23.Bxd5 e6 24.c6 Ra8 25.Rc5 b5 26.Bf3 Qc7 27.Rd1 Rb8 28.Bf4 Qxf4 29.
c7 Nb7 30.cxb8=Q Qxb8 31.Rc2 Na5 32.Qb4 Nb7 33.Qe7 h6 34.Ne4 Qf4 35.b4 Be5
36.Rdc1 Nd6 37.Nxd6 Bxd6 38.Qa7 Bb8 39.Qe7 Bd6 40.Qa7 Bb8 41.Qb6 Bd7 42.
Rd1 Be8 43.Rc8 Be5 44.Rdd8 Kg7 45.Qc5 Qf5 46.Qc1 Bf4 47.Qa1+ Be5 48.Qc1 
Bf4 49.Qd1 1-0

[Event "15th Unive op"]
[Site "Hoogeveen NED"]
[Date "2011.10.20"]
[Round "7.8"]
[White "Nakar, Eylon"]
[Black "Van Assendelft, Floris"]
[Result "1-0"]
[WhiteElo "2268"]
[BlackElo "2376"]
[EventDate "2011.10.14"]
[PlyCount "118"]

1.e4 c5 2.Nc3 Nc6 3.Bb5 g6 4.Bxc6 dxc6 5.d3 Bg7 6.Be3 b6 7.Qd2 e5 8.Nge2 
Nf6 9.h3 O-O 10.Bh6 Ne8 11.O-O-O Bxh6 12.Qxh6 Nc7 13.g3 a5 14.f4 a4 15.f5 
b5 16.g4 b4 17.Nb1 b3 18.axb3 axb3 19.c4 Kh8 20.Rhf1 Bd7 21.Nbc3 Na6 22.
Rf3 gxf5 23.gxf5 Rg8 24.Rg3 Rxg3 25.Nxg3 Qf8 26.Qf6+ Qg7 27.Nh5 Qxf6 28.
Nxf6 Rd8 29.Rg1 Bc8 30.Na4 Nb4 31.Nxc5 Ba6 32.Rg3 Bxc4 33.Kd2 Bb5 34.Kc3 
Na2+ 35.Kxb3 Nc1+ 36.Kc2 Ne2 37.Rg4 Nf4 38.Rg3 Ne2 39.Rg4 Nf4 40.Ncd7 
Bxd3+ 41.Kb3 h5 42.Rg5 Bxe4 43.Nxe5 Rb8+ 44.Kc4 Bd5+ 45.Kc5 Nxh3 46.Rxh5+ 
Kg7 47.Nxd5 Rb5+ 48.Kxc6 Rxd5 49.f6+ Kg8 50.Kxd5 Nf4+ 51.Kc6 Nxh5 52.Nd7 
Kh7 53.b4 Kg6 54.b5 Nf4 55.b6 Ne6 56.b7 Nd8+ 57.Kc7 Nxb7 58.Kxb7 Kf5 59.
Kc7 Ke6 1-0